Παρουσία τοπικών συλλόγων Βλάχων της Θεσσαλίας στο διαδίκτυο : διπλωματική εργασία [μεταπτυχιακή εργασία]

Αποθηκεύτηκε σε:
Λεπτομέρειες βιβλιογραφικής εγγραφής
Κύριος συγγραφέας: Ταστεμίρογλου, Ελένη Κ.
Συγγραφή απο Οργανισμό/Αρχή: Πανεπιστήμιο Αιγαίου Σχολή Ανθρωπιστικών Επιστημών Παιδαγωγικό Τμήμα Δημοτικής Εκπαίδευσης Πρόγραμμα Μεταπτυχιακών Σπουδών Επιστήμες της Αγωγής - Εκπαίδευση με τη Χρήση Νέων Τεχνολογιών
Άλλοι συγγραφείς: Κακάμπουρα, Ρέα (Εισηγητής διατριβής), Κατσαδώρος, Γεώργιος Κ. (Εισηγητής διατριβής)
Μορφή: Thesis Βιβλίο
Γλώσσα:Greek
Δημοσίευση: 2012
Θέματα:
Διαθέσιμο Online:http://hdl.handle.net/11610/16356
Ετικέτες: Προσθήκη ετικέτας
Δεν υπάρχουν, Καταχωρήστε ετικέτα πρώτοι!

MARC

LEADER 00000cam a2200000 i 4500
001 1/23493
008 121019s2012 gre d
035 |l 10113255 
040 |a GR-MY-UA  |b gre  |e aacr 
041 0 |a gre 
082 0 |a 306.089  |2 (22) 
100 1 |a Ταστεμίρογλου, Ελένη Κ. 
245 1 0 |a Παρουσία τοπικών συλλόγων Βλάχων της Θεσσαλίας στο διαδίκτυο :  |b διπλωματική εργασία [μεταπτυχιακή εργασία] /  |c Ελένη Κ. Ταστεμίρογλου ; επιβλέπων: Κατσαδώρος Γεώργιος, Κακάμπουρα Ρέα 
260 |c 2012 
300 |a 166 σ.;  |b πιν.;  |c 30 εκ. 
500 |a Μέλη εξεταστικής επιτροπής: Καραμούζης Πολύκαρπος, Χριστοδουλίδου Λουίζα 
502 |a Διατριβή (μεταπτυχιακή) – Πανεπιστήμιο Αιγαίου, Ρόδος, 2012. 
504 |a Βιβλιογραφία: σ. 154-166 
650 0 0 |a Aromanians. 
650 0 0 |a Associations, institutions, etc.  |x Computer network resources. 
650 0 |a Social classes  |z Greece  |z Thessaly. 
650 0 0 |a Dissertations, Academic  |z Greece. 
700 1 |a Κακάμπουρα, Ρέα.  |4 ths 
700 1 |4 ths  |a Κατσαδώρος, Γεώργιος Κ. 
710 2 |a Πανεπιστήμιο Αιγαίου  |b Σχολή Ανθρωπιστικών Επιστημών  |b Παιδαγωγικό Τμήμα Δημοτικής Εκπαίδευσης  |b Πρόγραμμα Μεταπτυχιακών Σπουδών Επιστήμες της Αγωγής - Εκπαίδευση με τη Χρήση Νέων Τεχνολογιών. 
852 |a INST  |b RHODES  |c DIATR  |e 20121019  |h 306.089 ΤΑΣ  |p 005400034597  |q 005400034597  |t MTXE  |y 23 
852 |a INST  |b RHODES  |c DIATR  |e 20121019  |h 306.089 ΤΑΣ  |p 005400034598  |q 005400034598  |t MTXE  |y 23 
856 |u http://hdl.handle.net/11610/16356 
901 |a BIBL4-2012-3 
909 |a Ρ  |b 171233 
909 |a Ρ  |b 171232 
924 |a ΤΑΣΤΕΜΙΡΟΓΛΟΥ  |b ΕΛΕΝΗ Κ.  |y ΡΟΔΟΣ  |z 2012-01 
970 |z 2012/10/19